| 000 | 00924nam a22002297a 4500 | ||
|---|---|---|---|
| 003 | DO-SdBNP | ||
| 005 | 20220607122912.0 | ||
| 008 | 110613s2006 dr 000 0 spa d | ||
| 040 |
_aDO-SdBNP _bspa _cBNPHU |
||
| 082 |
_a581.980 _bC749La |
||
| 111 | 2 |
_aCongreso Latinoamericano de Botánica _n(9: _d2006 : 18-25 junio _cSanto Domingo, República Dominicana) _957545 |
|
| 245 | 1 | 0 | _aPrograma / |
| 260 |
_aSanto Domingo : _bJardín Botánico Nacional, _bAmigo del Hogar, _c2006. |
||
| 300 |
_a156 p. : _c28 cm. |
||
| 590 | _aInventariado,2022/ YL | ||
| 650 | 4 |
_aBotánica _zAmérica Latina _xCongresos, conferencias, etc. _957546 |
|
| 650 | 4 |
_aBotánica _zRepública Dominicana _xCongresos, conferencias, etc. _957547 |
|
| 650 | 4 |
_aFlora _zAmérica Latina _xCongresos, conferencias, etc. _957548 |
|
| 650 | 4 |
_aEcología forestal _zAmérica Latina _xCongresos, conferencias, etc. _957549 |
|
| 910 | _aYLockward | ||
| 942 |
_2ddc _cLBS1 |
||
| 999 |
_c51951 _d51951 |
||